Normal view
MARC view
Entry Personal Name
001 - CONTROL NUMBER
- control field: 24394
003 - CONTROL NUMBER IDENTIFIER
- control field: NUST
005 - DATE AND TIME OF LATEST TRANSACTION
- control field: 20191018120332.0
008 - FIXED-LENGTH DATA ELEMENTS
- fixed length control field: 191018|| aca||aabn | a|a d
040 ## - CATALOGING SOURCE
- Original cataloging agency: NUST
- Transcribing agency: NUST
100 ## - HEADING--PERSONAL NAME
- Personal name:
- Form subdivision: Computational Science and Engineering
670 ## - SOURCE DATA FOUND
- Source citation: Work cat.: (NUST)523402: Khalid Waleed 13641, MS/Thesis: Design And Optimization of Diffuser for Horizontal Axis Diffuser Augmented Hydro - Kinetic Turbine , 2019
